000 00462nam a2200181Ia 4500
001 2127
005 20260306143819.0
008 260306t2012||||xx |||||||||||||| ||spa||
041 _aESP
082 _a613.62
_bV21
100 _aValencia Vanegas, Ferney
_eAUT
245 0 _aRiesgos eléctricos:
_bprevención y protección de accidentes
260 _c2012
300 _a302. páginas :
_c24 cm.
650 _aGEN
654 _aCPS
942 _cLIB
_dJUS
_fJUS
_2ddc
_n
999 _c2127
_d2127